[Event "Sao Paulo Consciencia 5th U2000"]
[Site "Sao Paulo"]
[Date "2015.09.07"]
[Round "6.1"]
[White "Ng, Paulino"]
[Black "Santos, Raphael Henrique Da"]
[Result "1/2-1/2"]
[WhiteElo "1862"]
[BlackElo "1768"]
[PlyCount "20"]
[EventDate "2015.09.05"]
[EventType "swiss"]
[EventRounds "6"]
[EventCountry "BRA"]
[SourceTitle "EXT 2022"]
[Source "ChessBase"]
[SourceDate "2021.10.06"]
[SourceVersion "1"]
[SourceVersionDate "2021.10.06"]
[SourceQuality "1"]

1. d4 Nf6 2. c4 e6 3. Nf3 d5 4. Nc3 c6 5. cxd5 exd5 6. Bg5 Nbd7 7. e3 Bd6 8. Bd3 0-0 9. 0-0 Re8 10. Rc1 h6 1/2-1/2